3 Letter Words Ending With G (photo) - Statistics

General Stats
  • This quiz has been taken 70 times
  • The average score is 14 of 20
Answer Stats
Picture Answer % Correct
Pug
100%
Hog
95%
Bug
91%
Mug
90%
Egg
88%
Bag
84%
Fog
84%
Cig
81%
Hug
74%
Fig
72%
Jog
72%
Log
72%
Keg
66%
Beg
60%
Wig
60%
Veg
59%
Cog
57%
Bog
53%
Jag
48%
Big
31%
No matching quizzes found
Score Distribution
Percent of People with Each Score
Percentile by Number Answered
Your Score History
You have not taken this quiz